| 000 | 00506 a2200193 4500 | ||
|---|---|---|---|
| 005 | 20260210105241.0 | ||
| 008 | 260209b |||||||| |||| 00| 0 eng d | ||
| 020 |
_a9789362245885 _cRs. 2200.00 |
||
| 040 | _aMAIN | ||
| 082 |
_a363.25 _bC458F |
||
| 100 | _aChoudhary, Lalan | ||
| 245 | _aForensic criminology | ||
| 260 |
_bDiscovery Publishing House _c2025 _aNew Delhi |
||
| 300 | _av, 208 | ||
| 650 | _aForensic Science | ||
| 650 | _aCriminology | ||
| 650 | _aCriminal Investigation | ||
| 942 | _cBK | ||
| 999 |
_c394379 _d394379 |
||